Wszystkie kości czaszki człowieka (widok z boku) - Statystyki

Ogólne statystyki
  • Ten quiz został rozwiązany 809 razy
  • Średni wynik to 8 z 11
Odpowiedzi na mapie
Odpowiedzi zakodowano w zielono-czerwonej skali na mapie do tego quizu, zgodnie z poniższymi procentami.
 
Statystyki odpowiedzi
Kość % Poprawnych
Kość czołowa
92%
Kość potyliczna
91%
Żuchwa
91%
Kość nosowa
90%
Kość skroniowa
86%
Kość ciemieniowa
78%
Szczęka
78%
Kość klinowa
60%
Kość jarzmowa
58%
Kość łzowa
43%
Kość sitowa
42%
Nie znaleziono quizów pasujących do podanych kryteriów
Rozkład punktacji
Procent ludzi z każdym wynikiem
Percentyl według liczby udzielonych odpowiedzi
Twoja historia wyników
Nie rozwiązałeś tego quizu